The mathematics of nonlinear programming (Record no. 11887)
[ view plain ]
| 000 -LEADER | |
|---|---|
| fixed length control field | 01096cam a2200361 a 4500 |
| 001 - CONTROL NUMBER | |
| control field | 658813 |
| 005 - DATE AND TIME OF LATEST TRANSACTION | |
| control field | 20170105102350.0 |
| 008 - FIXED-LENGTH DATA ELEMENTS--GENERAL INFORMATION | |
| fixed length control field | 880616s1988 nyua 001 0 eng |
| 010 ## - LIBRARY OF CONGRESS CONTROL NUMBER | |
| LC control number | 87023411 |
| 020 ## - INTERNATIONAL STANDARD BOOK NUMBER | |
| International Standard Book Number | 0387966145 : |
| Terms of availability | $42.00 |
| 020 ## - INTERNATIONAL STANDARD BOOK NUMBER | |
| International Standard Book Number | 3540966145 (Berlin) |
| 035 ## - SYSTEM CONTROL NUMBER | |
| System control number | (OCoLC)16647177 |
| 035 ## - SYSTEM CONTROL NUMBER | |
| System control number | (OCoLC)ocm16647177 |
| 035 ## - SYSTEM CONTROL NUMBER | |
| System control number | (CStRLIN)NYCG88-B44867 |
| 035 ## - SYSTEM CONTROL NUMBER | |
| System control number | (NNC)658813 |
| 040 ## - CATALOGING SOURCE | |
| Modifying agency | NjR |
| 050 0# - LIBRARY OF CONGRESS CALL NUMBER | |
| Classification number | QA402.5 |
| Item number | .P42 1988 |
| 082 0# - DEWEY DECIMAL CLASSIFICATION NUMBER | |
| Classification number | 519.76 |
| Edition number | 19 |
| 090 ## - LOCALLY ASSIGNED LC-TYPE CALL NUMBER (OCLC); LOCAL CALL NUMBER (RLIN) | |
| Classification number (OCLC) (R) ; Classification number, CALL (RLIN) (NR) | QA402.5 |
| Local cutter number (OCLC) ; Book number/undivided call number, CALL (RLIN) | .P42 1988 |
| 100 1# - MAIN ENTRY--PERSONAL NAME | |
| Personal name | Peressini, Anthony L. |
| 245 14 - TITLE STATEMENT | |
| Title | The mathematics of nonlinear programming |
| Statement of responsibility, etc. | Anthony L. Peressini, Francis E. Sullivan, J.J. Uhl, Jr. |
| 260 ## - PUBLICATION, DISTRIBUTION, ETC. | |
| Place of publication, distribution, etc. | New York : |
| Name of publisher, distributor, etc. | Springer-Verlag, |
| Date of publication, distribution, etc. | c1988. |
| 300 ## - PHYSICAL DESCRIPTION | |
| Extent | x, 273 p. : |
| Other physical details | ill. ; |
| Dimensions | 25 cm. |
| 490 1# - SERIES STATEMENT | |
| Series statement | Undergraduate texts in mathematics |
| 500 ## - GENERAL NOTE | |
| General note | Includes index. |
| 650 #0 - SUBJECT ADDED ENTRY--TOPICAL TERM | |
| Topical term or geographic name entry element | Mathematical optimization. |
| 650 #0 - SUBJECT ADDED ENTRY--TOPICAL TERM | |
| Topical term or geographic name entry element | Nonlinear programming. |
| 700 1# - ADDED ENTRY--PERSONAL NAME | |
| Personal name | Sullivan, Francis E. |
| 700 1# - ADDED ENTRY--PERSONAL NAME | |
| Personal name | Uhl, J. J. |
| Fuller form of name | (J. Jerry) |
| 830 #0 - SERIES ADDED ENTRY--UNIFORM TITLE | |
| Uniform title | Undergraduate texts in mathematics. |
| 942 ## - ADDED ENTRY ELEMENTS (KOHA) | |
| Source of classification or shelving scheme | |
| Koha item type | Book |
| Withdrawn status | Lost status | Damaged status | Not for loan | Collection code | Permanent Location | Current Location | Shelving location | Date acquired | Source of acquisition | Cost, normal purchase price | Total Checkouts | Full call number | Barcode | Date last seen | Price effective from | Koha item type |
|---|---|---|---|---|---|---|---|---|---|---|---|---|---|---|---|---|
| Central Library (CL) | Central Library (CL) | General Stacks | 06/01/2013 | Progressive International Agencies | 6509.78 | 519.76 PER | SEECS012397 | 01/11/2019 | 06/06/2013 | Book |
